Les sports dans les animés - Clic Quiz - Statistiques

Statistiques générales
  • Ce quiz a été pris 422 fois
  • Le résultat moyen est 8 sur 16
Statistiques - réponses
Hint Réponse % Correct
Blue Lock | Inazuma Eleven Football
89%
Haikyū!! | Jeanne et Serge Volleyball
83%
Dream Team | Kuroko's ___ Basketball
81%
Hajime no Ippo | Ashita no Joe Boxe
69%
Eyeshield 21 Football américain
52%
Initial D | Wangan Midnight Course automobile
45%
Cynthia ou le Rythme de la vie | Bakuten!! Gymnastique
41%
Rising impact | Birdie Wing Golf
40%
Blue Box | Love All Play Badminton
38%
Free! | Fireworks Natation
38%
Major | Ace no Diamond Baseball
37%
Stars Align | Prince du ___ Tennis
37%
All Out!! | number24 Rugby
36%
Air Gear Roller
31%
Over Drive | ___ Sakamichi ! Cyclisme
29%
Yawara! | Uchikomi Judo
21%
Aucun quiz correspondant
Distribution des résultats
% des personnes avec chaque résultat
Percentile par nombre de réponses
Votre historique - résultats
Vous n’avez pas pris ce quiz